00000000nam##2200000za#4500
0019.577939
003CaOODSP
00520210624185842
007cr |||||||||||
008150406|1983||||xxc|||||o    f|0| 0 eng|d
022 |a1488-5379
040 |aCaOODSP|beng
043 |an-cn---
0861 |aFs97-6/1218E-PDF
1101 |aCanada. |bDepartment of Fisheries and Oceans.
24510|aMid-summer ichthyoplankton populations of Tuktoyaktijk Harbour, N.W.T. / |h[electronic resource]|cby R.A. Ratynski.
260 |aWinnipeg - Manitoba : |bFisheries and Oceans Canada |c1983.
300 |a27p.|bfigs., references, tables
4901 |aCanadian technical report of fisheries and aquatic sciences|x1488-5379|vNo. 1218
500 |aOn t.p.: Western Region, Winnipeg, Manitoba. The catalogue number and ISSN for the print edition appear in the PDF version.
546 |a(Résumé en français)
590 |a13-27-Supp|b2013-11-15
7201 |aRatynski, R. A.
830#0|aCanadian technical report of fisheries and aquatic sciences,|x1488-5379|vNo. 1218|w(CaOODSP)9.504449
85640|ahttp://publications.gc.ca|qPDF|s1258 KB|uhttps://publications.gc.ca/collections/collection_2013/mpo-dfo/Fs97-6-1218-eng.pdf|yNo. 1218